Ulice Suwałk z państwami w nazwie - Statystyki

Ogólne statystyki
  • Ten quiz został rozwiązany 26 razy
  • Średni wynik to 7 z 10
Statystyki odpowiedzi
Typ Nazwa % Poprawnych
Ulica Francuska
86%
Ulica Hiszpańska
86%
Ulica Włoska
82%
Ulica Grecka
77%
Ulica Czeska
73%
Ulica Portugalska
73%
Ulica Węgierska
64%
Ulica Chorwacka
50%
Ulica Szwajcaria
45%
Ulica Tysiąclecia Litwy
14%
Nie znaleziono quizów pasujących do podanych kryteriów
Rozkład punktacji
Procent ludzi z każdym wynikiem
Percentyl według liczby udzielonych odpowiedzi
Twoja historia wyników
Nie rozwiązałeś tego quizu